Mujer: Trabajo y Fecundidad / (Record no. 5190)

000 -CABECERA
fixed length control field 00824nam a22002177a 4500
003 - IDENTIFICADOR DEL NÚMERO DE CONTROL
control field AR-CdUCM
008 - DATOS DE LONGITUD FIJA--INFORMACIÓN GENERAL
fixed length control field 190312b ||||| |||| 00| 0 spa d
040 ## - FUENTE DE LA CATALOGACIÓN
Agencia/entidad que catalogó originalmente la obra MUNICIPALIDAD PROVINCIAL DEL CUSCO
Entidad que transcribió la catalogación BIBLIOTECA MUNICIPAL DEL CUSCO
082 ## - NÚMERO DE LA CLASIFICACIÓN DECIMAL DEWEY
No. de Clasificación 396 /
Notacion interna R74
100 ## - ENTRADA PRINCIPAL--NOMBRE DE PERSONA
Nombre Personal Rodriguez V, Lino
245 ## - MENCIÓN DE TÍTULO
Título Mujer: Trabajo y Fecundidad /
260 ## - PUBLICACIÓN, DISTRIBUCIÓN, ETC.
Lugar de publicación, distribución, etc. Lima :
Nombre de la editorial, distribuidor, etc. Talleres Graficos del Centro Interamericano de Administración del Trabajo,
Fecha de publicación, distribución, etc. 1984.
300 ## - DESCRIPCIÓN FÍSICA
Nº de Páginas Extensión 87 paginas ;
Dimensiones 24cm.
440 ## - MENCIÓN DE SERIE/PUNTO DE ACCESO ADICIONAL--TÍTULO
Título Bibliografias Tematicas
Número de la parte/sección de una obra 5
9 (RLIN) 15748
505 ## - NOTA DE CONTENIDO CON FORMATO
Nota de contenido formateada Contenido: Estudios generales, conceptuales, metodologicos -- Panorama por paises -- Informes de reuniones -- legislacion
650 ## - PUNTO DE ACCESO ADICIONAL DE MATERIA--TÉRMINO DE MATERIA
Descriptor Metodologias
9 (RLIN) 15749
650 ## - PUNTO DE ACCESO ADICIONAL DE MATERIA--TÉRMINO DE MATERIA
Descriptor Legislacion
9 (RLIN) 6380
650 ## - PUNTO DE ACCESO ADICIONAL DE MATERIA--TÉRMINO DE MATERIA
Descriptor Convenios internacionales
9 (RLIN) 15750
942 ## - ELEMENTOS DE PUNTO DE ACCESO ADICIONAL (KOHA)
Fuente de clasificación
Tipo de item Libros-BMC
945 ## - PROCESAMIENTO DE INFORMACIÓN LOCAL (OCLC)
Catalogador pjha
Holdings
Estado de retiro (separado) Fuente de clasificación o esquema de estanterías Estado dañado Ubicación Sala donde se ubica Nombre de la colección Fecha de adquisición o compra Costo, precio normal en soles Signatura topográfica Código de Barras Última vez visto (Koha) Tipo de ítem (Koha)
No     Sala Humanidades Sala Humanidades Book Cart 2019-03-12 20.00 396 / R74 SH0000005646 2019-03-12 Libros-BMC

Powered by Koha